Psicología del color: Cómo actúan los colores sobre los sentimientos y la razón.

Uloženo v:
Podrobná bibliografie
Hlavní autor: Heller, Eva (autora)
Médium: Kniha
Vydáno: Barcelona, España: Gustavo Gili, 2004.
Vydání:1a. edición.
Témata:
On-line přístup:Disponible Online - Azul y Rojo
Tagy: Přidat tag
Žádné tagy, Buďte první, kdo vytvoří štítek k tomuto záznamu!

MARC

LEADER 00000nam a2200000 a 4500
001 UCJ2008
003 CL-VaPUC
005 20250321101906.0
008 210511t2004 ||||| |||| 00| 0 eng d
999 |c 318425  |d 318423 
020 |a 978-84-252-1977-1 
040 |c Pontificia Universidad Católica de Valparaíso 
082 0 4 |a 152.145 HEL 2004  |2 21 
100 0 |a Heller, Eva  |e autora  |9 502870 
245 1 0 |a Psicología del color:  |b Cómo actúan los colores sobre los sentimientos y la razón. 
250 |a 1a. edición. 
260 |a Barcelona, España:  |b Gustavo Gili,  |c 2004. 
300 |a 309 páginas:  |b ilustraciones. 
500 |a c.3-c.9. Instituto Arcos.08-01-2025. 
583 |a last modification  |c 20061124 00:00:00  |k Rodrigo Vera 
650 0 |a Colores  |9 268982  |x Aspectos psicológicos  
650 0 |a Colores  |9 268982  |x Simbolismo 
650 0 |a Teoría del color  |9 545404 
650 0 |a Percepción visual  |9 267039  |x Colores 
856 |u http://bibliografiadigital.pucv.cl.pucv.idm.oclc.org/index.php/bibliotecapucv/catalog/book/412  |y Disponible Online - Azul y Rojo 
942 |c BK  |2 ddc  |n 0 
945 |d 20061124 00:00:00  |a cmena 
952 |0 0  |1 0  |4 0  |6 152_145000000000000_HEL_2004  |7 0  |8 A  |9 396206  |a BIBARQ  |b BIBARQ  |d 2019-11-22  |i 4279883  |l 7  |o 152.145 HEL 2004  |p 4279883  |r 2025-05-05  |s 2025-04-24  |w 2019-11-22  |y BK  |k ARQ 
952 |0 0  |1 0  |4 0  |6 152_145000000000000_HEL_2004  |7 0  |8 A  |9 396207  |a BIBEDU  |b BIBEDU  |d 2019-11-22  |i 4510860  |o 152.145 HEL 2004  |p 4510860  |r 2021-06-15  |w 2019-11-22  |y BK  |k PSI 
952 |0 0  |1 0  |2 ddc  |4 0  |6 152_145000000000000_HEL_2004  |7 0  |8 A  |9 600361  |a BIBINC  |b BIBINC  |d 2025-02-03  |e Instituto Arcos  |i 5665252  |l 2  |m 1  |o 152.145 HEL 2004  |p 5665252  |r 2025-04-14  |s 2025-04-01  |t 3  |w 2025-02-03  |y BK  |k IFP 
952 |0 0  |1 0  |2 ddc  |4 0  |6 152_145000000000000_HEL_2004  |7 0  |8 A  |9 600362  |a BIBINC  |b BIBINC  |d 2025-02-03  |e Instituto Arcos  |i 5665253  |l 2  |m 1  |o 152.145 HEL 2004  |p 5665253  |r 2025-04-21  |s 2025-04-07  |t 4  |w 2025-02-03  |y BK  |k IFP 
952 |0 0  |1 0  |2 ddc  |4 0  |6 152_145000000000000_HEL_2004  |7 0  |8 A  |9 600363  |a BIBINC  |b BIBINC  |d 2025-02-03  |e Instituto Arcos  |i 5665254  |l 2  |o 152.145 HEL 2004  |p 5665254  |r 2025-04-16  |s 2025-04-09  |t 5  |w 2025-02-03  |y BK  |k IFP 
952 |0 0  |1 0  |2 ddc  |4 0  |6 152_145000000000000_HEL_2004  |7 0  |8 A  |9 600364  |a BIBINC  |b BIBINC  |d 2025-02-03  |e Instituto Arcos  |i 5665255  |l 2  |m 2  |o 152.145 HEL 2004  |p 5665255  |r 2025-04-15  |s 2025-04-03  |t 6  |w 2025-02-03  |y BK  |k IFP 
952 |0 0  |1 0  |2 ddc  |4 0  |6 152_145000000000000_HEL_2004  |7 0  |8 A  |9 600365  |a BIBINC  |b BIBINC  |d 2025-02-03  |e Instituto Arcos  |i 5665256  |l 1  |o 152.145 HEL 2004  |p 5665256  |r 2025-04-14  |s 2025-04-01  |t 7  |w 2025-02-03  |y BK  |k IFP 
952 |0 0  |1 0  |2 ddc  |4 0  |6 152_145000000000000_HEL_2004  |7 0  |8 A  |9 600366  |a BIBINC  |b BIBINC  |d 2025-02-03  |e Instituto Arcos  |i 5665257  |l 2  |m 1  |o 152.145 HEL 2004  |p 5665257  |r 2025-04-17  |s 2025-04-10  |t 8  |w 2025-02-03  |y BK  |k IFP 
952 |0 0  |1 0  |2 ddc  |4 0  |6 152_145000000000000_HEL_2004  |7 0  |8 A  |9 600751  |a BIBINC  |b BIBINC  |d 2025-02-03  |e Instituto Arcos  |i 5665654  |l 3  |o 152.145 HEL 2004  |p 5665654  |q 2025-04-23  |r 2025-04-16  |s 2025-04-16  |t 9  |w 2025-02-03  |y BK  |k IFP